Statystyki dla Czy znasz tych polityków IIIRP?

Kliknij tutaj aby rozwiązać quiz!

Ogólne statystyki

  • Ten quiz został rozwiązany 358 razy
  • Średni wynik to 13 z 20

Statystyki odpowiedzi

opispolityk% Poprawnych
Prezes największej partii politycznej w Polsce, grał w filmie "O dwóch takich, co ukradli księżyc"Jarosław Kaczyński
98%
Drugi prezydent RP wybrany w demokratycznych wyborachAleksander Kwaśniewski
94%
Jedyny prezydent III RP który zginął w katastrofie lotniczejLech Kaczyński
93%
Była kandydatka KO na prezydenta RP w 2020Małgorzata Kidawa-Błońska
93%
Założyciel i od 2019 prezes partii Wiosna, jeden z trzech liderów porozumienia LewicaRobert Biedroń
87%
Jeden z najbardziej "memicznych" polityków w polsce, jest mistrzem brydżaJanusz Korwin-Mikke
85%
Obecna Marszałek Sejmu (31.05.2020)Elżbieta Witek
84%
W latach 2016–2020 przewodniczący Platformy ObywatelskiejGrzegorz Schetyna
80%
Były przewodniczący rady Europejskiej, od 2019 przewodniczący Europejskiej Partii LudowejDonald Tusk
77%
w latach 2015–2017 prezes Rady Ministrów, W latach 2017–2019 wiceprezes Rady Ministrów, posłanka do Parlamentu Europejskiego IX kadencji.Beata Szydło
71%
Obecny Marszałek Senatu (31.05.2020)Tomasz Grodzki
67%
Europoseł PiSu, jego nazwisko ma pewna firma produkująca KabanosyDominik Tarczyński
67%
Autor sformułowania nazwy "kondominium niemiecko-rosyjskie pod żydowskim zarządem powierniczym"Grzegorz Braun
66%
Pierwszy prezes rady ministrówTadeusz Mazowiecki
62%
Urodzony w Danii polityk LewicyAdrian Zandberg
56%
Przez wielu znany jako "brat Ryszarda Petru", kandydat Ruchu Prawdziwej Europy na prezydenta RP w 2020Mirosław Piotrowski
45%
Sekretarz stanu w Ministerstwie Sprawiedliwości (2015–2019), przewodniczący komisji weryfikacyjnej ds. reprywatyzacji (2017–2019), poseł do Parlamentu Europejskiego IX kadencjiPatryk Jaki
38%
Pierwsza żeńska Prezes rady ministrów RPHanna Suchocka
31%
Nigeryjczyk, były poseł na Sejm RPJohn Godson
15%
Poseł na Sejm VIII i IX kadencji, od 2019 sekretarz stanu w Kancelarii Prezesa Rady Ministrów i rzecznik prasowy rząduPiotr Müller
15%

Rozkład punktacji

Percentyl według liczby udzielonych odpowiedzi

Procent ludzi z każdym wynikiem

Twoja historia wyników

Nie rozwiązałeś tego quizu